Vauvenargues / (Record no. 161306)

MARC details
000 -LEADER
campo de control de longitud fija 00773nam a22002055i 4500
001 - NÚMERO DE CONTROL
campo de control 161306
003 - IDENTIFICADOR DE NÚMERO DE CONTROL
campo de control ES-MaACL
005 - FECHA Y HORA DE LA ÚLTIMA TRANSACCIÓN
campo de control 20230906212241.0
008 - DATOS DE LONGITUD FIJA--INFORMACIÓN GENERAL
campo de control de longitud fija 041015s1890 fr |||| | fre d
040 ## - FUENTE DE CATALOGACIÓN
Centro catalogador/agencia de origen CAM
Lengua de catalogación spa
Centro/agencia transcriptor CAM
100 1# - ENTRADA PRINCIPAL--NOMBRE DE PERSONA
Nombre de persona Paléologue, Maurice.
9 (RLIN) 88547
245 10 - MENCIÓN DEL TÍTULO
Título Vauvenargues /
Mención de responsabilidad, etc. par Maurice Paléologue.
260 ## - PUBLICACIÓN, DISTRIBUCIÓN, ETC.
Lugar de publicación, distribución, etc. Paris :
Nombre del editor, distribuidor, etc. Librairie Hachette et C\pie\s,
Fecha de publicación, distribución, etc. 1890 (
Fabricante Typ. P. Brodard et Gallois)
300 ## - DESCRIPCIÓN FÍSICA
Extensión 153 p., [1] h. ;
Dimensiones 19 cm.
490 1# - MENCIÓN DE SERIE
Mención de serie Les grands écrivains français
597 ## - NOTA DE DESCRIPCIÓN FÍSICA
NOTA DE DESCRIPCIÓN FÍSICA La h. es un facsímil de una carta autografa de Vauvenargues a Voltaire (23 Mayo 1746)
830 0# - PUNTO DE ACCESO ADICIONAL DE SERIE-TÍTULO UNIFORME
Título uniforme Les grands écrivains français
9 (RLIN) 182230
852 ## - LOCALIZACIÓN
Ubicación ES-MaACL
Número de control de estantería B-3188
Nota libre -- Enc. pasta española
-- -- Enc. en un vol. facticio
Holdings
Estatus retirado Estado de pérdida Estado de daño No para préstamo Colección Biblioteca de origen Biblioteca actual Ubicación en estantería Fecha de adquisición Fuente de adquisición Total de préstamos Signatura topográfica completa Código de barras Visto por última vez Precio de reemplazo Tipo de ítem Koha
        Libros del s. XIX Biblioteca del Ateneo de Madrid Biblioteca del Ateneo de Madrid Sala Pardo Bazán 17/01/2008     B-3188 1168957 23/02/2023 23/02/2023 Libro impreso antiguo